000 00889nam0a22002531 4500
001 rc\559317
005 20250621131954.0
035 _a(NLR Aleph) 005794484
090 _a5231462
_c5231462
100 _a20030616d1987 |||y0rusy50 ca
101 0 _arus
102 _aRU
105 _aa |||||||||
200 1 _aШаговые двигатели и их микропроцессорные системы управления
_e[Пер. с англ.]
_fТ. Кенио
210 _aМ.
_cЭнергоатомиздат
_d1987
215 _a199, [1] с.
_cил.
_d22
300 _aПеревод изд.: Stepping motors and their microprocessor controls / Takashi Kenjo (Oxford, 1984)
320 _aБиблиогр.: с. 194-198
700 1 _aКенио
_bТ.
_gТакаши
801 0 _aRU
_bNLR
_gpsbo
801 1 _aRU
_bELAR
_2rusmarc
852 _aNLR
_j87-5/6264
942 _cBOOK
980 _aNB